| Tag |
First Indicator |
Second Indicator |
Subfields |
| LEADER |
00000cam a2200000 4500 |
| 001 |
in00000620421 |
| 005 |
20151014171216.0 |
| 008 |
780724s1913 enkaf 00110 engmc |
| 010 |
|
|
|a a 13002109
|
| 035 |
|
|
|a (OCoLC)04080478
|
| 035 |
|
|
|9 ACS6737AM
|
| 040 |
|
|
|a Stanford Univ.
|c TXA
|d TXA
|d UtOrBLW
|
| 049 |
|
|
|a TXAM
|c [58841]
|
| 090 |
|
|
|a TC330
|b .M3 1913a
|
| 100 |
1 |
|
|a Matthews, Ernest Romney,
|d 1873-1930.
|
| 245 |
1 |
0 |
|a Coast erosion and protection /
|c by Ernest R. Matthews.
|
| 264 |
|
1 |
|a London :
|b C. Griffin;
|a Philadelphia :
|b J. B. Lippincott,
|c 1913.
|
| 300 |
|
|
|a xiv, 147 pages :
|b illustrations, xxxii plate (part folded) diagrams ;
|c 24 cm.
|
| 336 |
|
|
|a text
|b txt
|2 rdacontent
|
| 337 |
|
|
|a unmediated
|b n
|2 rdamedia
|
| 338 |
|
|
|a volume
|b nc
|2 rdacarrier
|
| 650 |
|
0 |
|a Coast changes.
|
| 650 |
|
0 |
|a Sea-walls.
|
| 650 |
|
0 |
|a Breakwaters.
|
| 999 |
|
|
|a MARS
|
| 999 |
f |
f |
|s 8c212b93-67db-3081-9fe9-610e7162bfdf
|i 549048f1-0a93-3982-b297-39a0c0a6cb39
|t 0
|
| 952 |
f |
f |
|p ric
|a Texas A&M University
|b Rellis Campus
|c Joint Library Facility
|d Remote Storage
|t 0
|e TC330 .M3 1913a
|h Library of Congress classification
|i unmediated -- volume
|m A14805351241
|
| 998 |
f |
f |
|a TC330 .M3 1913a
|t 0
|l Remote Storage
|